LEADER 00957nam a2200229 i 4500 001 000000155266 003 CaOOAMICUS 005 20061106000000.0 008 061106s1923 it u000 u ita u 013 $a132615 040 $aSeMil$bita 100 1 $aLipparini, Giuseppe,$d<1877-1951>.$0(OLS)http://semarc/name/9129 245 10$aStoria dell'arte /$cG. Lipparini ; Con prefazione di Enrico Panzacchi. 260 $aFirenze :$bBarbèra,$c1923. 300 $aXII, 448 p. :$bill. ;$c19 cm. 500 $aIn mezzo al front : decima stiratura stereotipa. 100 illustrazioni. 650 4$aArte - Storia.$0(OLS)http://semarc/subject/1739 700 1 $aPanzacchi, Enrico,$d<1840-1904>.$0(OLS)http://semarc/name/36857 850 $aSeMil 852 $aSeMil$W1$xVenegono$y1$m5Q I 43$j107103$B107103$CSeMilBibl$Z2$F116493 $81 996 $6245$aStoria dell'arte$9(OLS)http://semarc/title/15478 996 $6260$aFirenze :$bBarbèra$9(OLS)http://semarc/publisher/29974 LEADER 01945nam a2200313 i 4500 001 000000225810 003 CaOOAMICUS 005 20220124125445.0 008 131218s1610 it u000 u lat u 013 $a204712 026 $ap-on erem o-r- cuco (3) 1610 (R) 040 $aSeMil$bita 100 1 $aPetrus : Damiani,$c.$0(OLS)http://semarc/name/1200 245 10$aB. Petri Damiani monachi Ordinis S. Benedicti. ... Epistolarum libri octo. Multis ex bibliothecis collecti, et argumentis, notisque illustrati, atque nunc primum excusi. Opera, ac studio domni Constantini Caetani Syracusani .. 264 1$aParisiis :$bEx Officina Nivelliana : apud Sebastianum Cramoisy via Iacobaea, sub Ciconiis,$c1610. 300 $a[52], 739, [161] p. ;$c4º. 500 $aFront. stampato in rosso e nero. - Iniz., fregi xilogr. 500 $aMarca editoriale: Due cicogne si imbeccano in volo. [Utilizzata dal predecessore Sébastien Nivelle] (Repertorio consultato: Marques d'impressors, Un. di Barcellona). 500 $aSegn.: a-c4 D-F4 2F2 2A-5K4 a-k4 l2 700 1 $aGaetano, Costantino,$d<1560-1650>.$0(OLS)http://semarc/name/6143 700 1 $aCramoisy, Sébastien$b<1.,$cEditore,$d1585-1669>.$0(OLS)http://semarc/name/7608 710 0 $aOfficina Nivelliana .$0(OLS)http://semarc/name/7607 850 $aSeMil 852 $aSeMil$W1$xVenegono$y1$m2T V 1 FA$j176156$B176156$CSeMilBibl$Z2$F186689 $8I 900 1 $aPier : Damiani. 996 $6245$aB. Petri Damiani monachi Ordinis S. Benedicti. ... Epistolarum libri octo. Multis ex bibliothecis collecti, et argumentis, notisque illustrati, atque nunc primum excusi. Opera, ac studio domni Constantini Caetani Syracusani ..$9(OLS)http://semarc/title/323408 996 $6264$aParisiis :$bEx Officina Nivelliana : apud Sebastianum Cramoisy via Iacobaea, sub Ciconiis$9(OLS)http://semarc/publisher/53437